01108nam a2200277 a 4500001000900000005001700009008004100026020001500067020002400082040001800106041001100124050002400135245007300159260005800232300003100290440003200321500009500353500003600448500011300484504003000597546003600627600005100663650005400714700001900768710004300787BRCA_73720190320203127.0950309s1994 mx-a---##b---#000-0#spa-# a9686533265 a9686533559 (2a ed.) aDLCcDLCdDLC aspaeng 4aNK844b.U86 1c199410aRebozos de la colección Robert EvertscIrène Logan ... [et al.]. aMéxicobMuseo Franz Mayer : Artes de Méxicoc1994 a59 p.bil. a colorc23 cm. 0aColección Uso y estilov1 aCatálogo de la exposición realizada en el Museo Franz Mayer (Ciudad de México), 1994 a3 ejemplares son 2a ed. de 1997 a2 ejemplares en Biblioteca, 1 ejemplar en el Área de Investigación y 5 ejemplares en Jefatura Biblioteca aBibliografía : p. 58-59 aTexto en : español e inglés14aEverts, Robertd1875-1942xColecciones de arte14aChales y mantonesxColecciones privadaszMéxico1 aLogan, Irène2 aMuseo Franz Mayer (Ciudad de México)